00323nam a2200133Ia 45000030006000000080041000060400015000471000018000622450037000802500010001172600033001275460012001600050017001720STCL150530s9999 xx 000 0 und d aSTCLcSTCL aFritz Machlup aInternational monetary economics aFirst bGeorge Allen and Unwinc1966 aEnglish20220125165547.0